Statistická fyzika
Saved in:
| Main Author: | |
|---|---|
| Format: | Book |
| Language: | Undetermined |
| Published: |
Praha
Academia
1998
|
| Edition: | 2. vyd. |
| Subjects: | |
| Online Access: | View in OPAC |
| Tags: |
No Tags, Be the first to tag this record!
|
MARC
| LEADER | 00000nam a2200000 a 4500 | ||
|---|---|---|---|
| 005 | 20260127134126.0 | ||
| 008 | 970424s1983 xx 0 und c | ||
| 035 | |a vtls008413599 | ||
| 039 | 9 | |y 200512061053 |z mschk03 | |
| 040 | |a STUSCHK1 |b slo |c STUSCHK1 | ||
| 100 | 1 | |a Kvasnica, Jozef | |
| 245 | 1 | |a Statistická fyzika | |
| 250 | |a 2. vyd. | ||
| 260 | |a Praha |b Academia |c 1998 | ||
| 300 | |a 314 s. | ||
| 650 | |a statistická fyzika | ||
| 910 | |a SCHK95 | ||
| 999 | |c 4663 |d 4663 | ||